000 00736nam a2200229 i 4500
001 11527
003 ES-MaACL
005 20230906150123.0
007 t|
008 951010s1995 sp b |||| |dspa d
020 _a84-7895-038-9
080 _a016:821.134.2-992"18"
080 _a929(460)"18":910.4
100 1 _aGarcía-Romeral Pérez, Carlos.
_955215
245 1 0 _aBio-bibliografía de viajeros españoles
_b: (siglo XIX) /
_cCarlos García-Romeral Pérez.
260 _aMadrid :
_bOllero y Ramos,
_c1995.
300 _a307 p. ;
_c21 cm.
500 _aÍndice.
650 1 4 _aViajeros españoles-
_xBiografías.
_9161922
650 _aLiteratura de viajes española-
_vBiobibliografías.
_9161924
852 _aES-MaACL
_jL-18845
999 _c11527
_d11527